Principles of Economics (Record no. 2647)

MARC details
000 -LEADER
fixed length control field 00423nam a22001697a 4500
005 - DATE AND TIME OF LATEST TRANSACTION
control field 20210831120330.0
008 - FIXED-LENGTH DATA ELEMENTS--GENERAL INFORMATION
fixed length control field 160614b xxu||||| |||| 00| 0 eng d
020 ## - INTERNATIONAL STANDARD BOOK NUMBER
ISBN 81-259-1651-2
041 ## - LANGUAGE CODE
Language code of text/sound track or separate title eng
082 ## - DEWEY DECIMAL CLASSIFICATION NUMBER
Item number 7433
Classification number 330
100 ## - MAIN ENTRY--AUTHOR NAME
Personal name Dwivedi, D.N.
245 ## - TITLE STATEMENT
Title Principles of Economics
260 ## - PUBLICATION, DISTRIBUTION, ETC. (IMPRINT)
Place of publication New Delhi
Name of publisher Vikas Publishing House (P) Ltd.
Year of publication 2008
300 ## - PHYSICAL DESCRIPTION
Number of Pages 627
650 ## - SUBJECT ADDED ENTRY--TOPICAL TERM
Topical Term Management
942 ## - ADDED ENTRY ELEMENTS (KOHA)
Koha item type Books
Holdings
Lost status Damaged status Collection code Home library Current library Shelving location Date acquired Cost, normal purchase price Full call number Accession Number Koha item type Source of acquisition
    Reference JRU Library JRU Library SHELF-58-B 14/06/2016 375.00 330 7433 Books  
    Reference JRU Library   SHELF-71-C 14/06/2016 375.00 330 7434 Books  
    MANAGEMENT JRU Library JRU Library SHELF-58-B 14/06/2016 375.00 330 7435 Books  
    MANAGEMENT JRU Library JRU Library SHELF-58-B 14/06/2016 375.00 330 7436 Books PURCHASE
    MANAGEMENT JRU Library JRU Library SHELF-58-B 14/06/2016 375.00 330 7437 Books PURCHASE